000 00213nam a22000977a 4500
040 _cDLC
082 _a891.4393
_bRUS
100 _aRuswa, Mirza Muhammad Hadi
_982897
245 _aAmrao Jaan Adaa
942 _2ddc
_cBK
999 _c586484
_d586484